000 00443nam a2200181Ia 4500
001 17865
005 20260306171548.0
008 260306s9999||||xx |||||||||||||| ||und||
041 _aESP
082 _a658.3
_bC34
100 _aCastillo, Elsa Del
_eAUT
245 0 _aResponsabilidad social y buen clima laboral:
_buna fórmula ganadora
260 _c2008
300 _a
_c
650 _aGEN
654 _aCAN
942 _cLIB
_dJUS
_fJUS
_2ddc
_n
999 _c17865
_d17865